Central Library OPAC University of Rajshahi

Fundamentals of Management Accounting / (Record no. 14711)

MARC details
000 -LEADER
fixed length control field 01103nam a2200337 4500
001 - CONTROL NUMBER
control field 14711
003 - CONTROL NUMBER IDENTIFIER
rucl marc code BD-RJUL
005 - DATE AND TIME OF LATEST TRANSACTION
control field 20211208235658.0
008 - FIXED-LENGTH DATA ELEMENTS--GENERAL INFORMATION
fixed length control field 810716s1981 ilua b 001 0 eng
020 ## - INTERNATIONAL STANDARD BOOK NUMBER
International Standard Book Number 0256024545
035 ## - SYSTEM CONTROL NUMBER
System control number MITb10118240
System control number (BD-RJUL)14765
System control number GLIS00118240
040 ## - CATALOGING SOURCE
Original cataloging agency DLC
Transcribing agency DLC
Modifying agency BD-RJUL
Language of cataloging eng
041 ## - LANGUAGE CODE
Language code of text/sound track or separate title eng
082 ## - DEWEY DECIMAL CLASSIFICATION NUMBER
Classification number 658.1511
Author mark and year ANF 1981
099 ## - LOCAL FREE-TEXT CALL NUMBER (OCLC)
Bangla Class number HF5635.A688 1981
100 1# - MAIN ENTRY--PERSONAL NAME
Personal name Anthony, Robert N.
Fuller form of name (Robert Newton),
Dates associated with a name 1916-2006.
9 (RLIN) 45844
245 10 - TITLE STATEMENT
Title Fundamentals of Management Accounting /
Statement of responsibility, etc. Robert N. Anthony, Glenn A. Welsch.
250 ## - EDITION STATEMENT
Edition statement 3rd ed.
260 ## - PUBLICATION, DISTRIBUTION, ETC. (IMPRINT)
Place of publication, distribution, etc. Homewood, Ill. :
Name of publisher, distributor, etc. R.D. Irwin ;
Place of publication, distribution, etc. Georgetown, Ontario :
Name of publisher, distributor, etc. Irwin-Dorsey,
Date of publication, distribution, etc. 1981.
300 ## - PHYSICAL DESCRIPTION
Pagination xvi, 679 p. :
Illustrations ill. ;
Size 25 cm.
490 1# - SERIES STATEMENT
Series statement Willard J. Graham series in accounting
504 ## - BIBLIOGRAPHY, ETC. NOTE
Bibliography, etc Includes bibliographies and index.
650 #0 - SUBJECT ADDED ENTRY--TOPICAL TERM
Topical term or geographic name as entry element Managerial accounting.
9 (RLIN) 45845
Topical term or geographic name as entry element Cost accounting.
9 (RLIN) 45846
700 1# - ADDED ENTRY--PERSONAL NAME
Personal name Welsch, Glenn A.
830 #0 - SERIES ADDED ENTRY--UNIFORM TITLE
Uniform title Willard J. Graham series in accounting.
942 ## - ADDED ENTRY ELEMENTS (KOHA)
Source of classification or shelving scheme Dewey Decimal Classification
Koha item type Books
Holdings
Lost status Source of classification or shelving scheme Damaged status Not for loan Collection code Permanent Location Current Location Shelving location Date acquired Source of acquisition Cost, normal purchase price Total Checkouts Full call number Date last seen Copy number Koha item type Date checked out
  Dewey Decimal Classification     Non-fiction Central Library, University of Rajshahi Central Library, University of Rajshahi   05/03/1985 Tulip 26.95   658.1511 ANF 1981 08/02/2014 C-8 Books  
  Dewey Decimal Classification     Non-fiction Central Library, University of Rajshahi Central Library, University of Rajshahi   05/03/1985 Tulip 26.95   658.1511 ANF 1981 08/02/2014 C-6 Books  
  Dewey Decimal Classification     Non-fiction Central Library, University of Rajshahi Central Library, University of Rajshahi   05/03/1985 Tulip Ent. 26.95 2 658.1511 ANF 1981 02/04/2015 C-10 Books 02/04/2015
  Dewey Decimal Classification     Non-fiction Central Library, University of Rajshahi Central Library, University of Rajshahi   05/03/1985 TAPPAN CO. INT. 26.95   658.1511 ANF 1981 13/12/2014 C-3 Books  
  Dewey Decimal Classification     Non-fiction Central Library, University of Rajshahi Central Library, University of Rajshahi   05/03/1985 tulip 26.95   658.1511 ANF 1981 13/12/2014 C-7 Books  
  Dewey Decimal Classification     Non-fiction Central Library, University of Rajshahi Central Library, University of Rajshahi   05/03/1985 tulip 26.95   658.1511 ANF 1981 13/12/2014 C-5 Books  
  Dewey Decimal Classification   Not For Loan Non-fiction Central Library, University of Rajshahi Central Library, University of Rajshahi Reading Room 13/04/1984 Tulip 25.95   658.1511 ANF 1981 19/01/2017 C-1 Books  
  Dewey Decimal Classification     Non-fiction Central Library, University of Rajshahi Central Library, University of Rajshahi   23/04/1984 Tappan 25.95   658.1511 ANF 1981 08/06/2017 C-2 Books  
  Dewey Decimal Classification     Non-fiction Central Library, University of Rajshahi Central Library, University of Rajshahi   05/03/1985 Tulip, Dhaka 26.95   658.1511 ANF 1981 08/06/2017 C-4 Books  
  Dewey Decimal Classification     Non-fiction Central Library, University of Rajshahi Central Library, University of Rajshahi   23/04/1984 Tulip Enterprise, Dhaka 25.95   658.1511 ANF 1981 23/12/2018 C-9 Books